Management accounting: A decision emphasis (Record no. 30506)

MARC details
000 -LEADER
fixed length control field 00360nam a2200133Ia 4500
082 ## - DEWEY DECIMAL CLASSIFICATION NUMBER
Classification number 657.4
Item number DEC
100 ## - MAIN ENTRY--AUTHOR NAME
Personal name Decoster, Don T
245 #0 - TITLE STATEMENT
Title Management accounting: A decision emphasis
260 ## - PUBLICATION, DISTRIBUTION, ETC. (IMPRINT)
Place of publication New York
Name of publisher John Wiley
Year of publication 1976
650 ## - SUBJECT ADDED ENTRY--TOPICAL TERM
Topical Term Management accounting
700 ## - ADDED ENTRY--PERSONAL NAME
Personal name Schafer, Eldon L
942 ## - ADDED ENTRY ELEMENTS (KOHA)
Koha item type Books
Holdings
Withdrawn status Lost status Damaged status Not for loan Home library Current library Date acquired Cost, normal purchase price Full call number Accession Number Koha item type
        RRII Library RRII Library 16/12/2021 6.85 657.4 DEC 11078 Books